Στέφανος : ''το Ολυμπιακό πνεύμα στην Αρχαία Ελλάδα''
Αποθηκεύτηκε σε:
| Άλλοι συγγραφείς: | , |
|---|---|
| Μορφή: | Βιβλίο |
| Γλώσσα: | Greek Ancient Greek |
| Δημοσίευση: |
Αθήνα :
Γεωργιάδης,
2004.
|
| Σειρά: | Βιβλιοθήκη των Ελλήνων (Εκδόσεις Γεωργιάδη)
|
| Θέματα: | |
| Ετικέτες: |
Προσθήκη ετικέτας
Δεν υπάρχουν, Καταχωρήστε ετικέτα πρώτοι!
|
MARC
| LEADER | 00000nam a2200000 a 4500 | ||
|---|---|---|---|
| 001 | 1/127100 | ||
| 008 | 230731s2004####gr | ||| |||| ||gre|| | ||
| 020 | |a 9603162256 | ||
| 040 | |a GR-MyUa |b gre |c GR-MyUa |e AACR2 | ||
| 041 | 1 | |a gre |h grc | |
| 082 | 7 | |a 796.4801 |2 (23) | |
| 245 | 0 | 0 | |a Στέφανος : |b ''το Ολυμπιακό πνεύμα στην Αρχαία Ελλάδα'' / |c εισαγωγή, επιλογή αποσπασμάτων, μετάφρασις: Νικόλαος Γ. Λάσκαρης ; εικονογράφησις: Σαράντης Καραβούζης. |
| 260 | |a Αθήνα : |b Γεωργιάδης, |c 2004. | ||
| 300 | |a 135 σ. : |b σχέδ. ; |c 24 εκ. | ||
| 490 | 1 | |a (Βιβλιοθήκη των Ελλήνων / Εκδόσεις Γεωργιάδη) | |
| 504 | |a 135 σ. | ||
| 650 | 0 | |a Olympic games (Ancient) | |
| 650 | 0 | |a Olympic games (Ancient) |x History. | |
| 650 | 0 | |a Olympic games (Ancient) |x Literacy collections. | |
| 651 | 0 | |a Greece |x History. | |
| 700 | 1 | |a Καραβούζης, Σαράντης, |d 1938- |e ill | |
| 700 | 1 | |a Λάσκαρης, Νικόλαος Γ. |e aui |e trl | |
| 830 | 0 | |a Βιβλιοθήκη των Ελλήνων (Εκδόσεις Γεωργιάδη) | |
| 852 | |a INST |b RHODES |e 20230731 |h 796.4801 ΣΤΕ |p 005400043744 |q 005400043744 |t BK |y 0 | ||
| 970 | |z 31-07-2023 | ||